000 01721nam2a22003251 4500
001 rc\4994156
005 20250613054733.0
035 _a(NLR Aleph) 008973515
090 _a9139963
_c9139963
100 _a20130430d1967 |||y0rusy50 ca
101 0 _arus
102 _aRU
105 _aa z |||||
200 1 _aВедущие узлы лентопротяжных механизмов аппаратуры магнитной записи
_fМ-во радиопром-сти. СССР
210 _aБ. м.
_cБ. и.
_d1967
215 _a84 с.
_cил.
_d20
225 2 _aОбзоры состояния отдельных вопросов радиоэлектроники
_vВып. 18
300 _aСост. указаны на обороте тит. л.
300 _aОтпеч. множит. аппаратом
320 _aБиблиогр.: с. 82-83
461 0 _1001RU\NLR\INFOCOMM17\1000422614
_12001#$aОбзоры состояния отдельных вопросов радиоэлектроники$fГос. Ком. Совета Министров СССР по электрон. технике. Отдел науч.-техн. информации$v1967, вып. 18
_92388672
_cМ.
_d1961-1969
_fГос. Ком. Совета Министров СССР по электрон. технике. Отдел науч.-техн. информации
_tОбзоры состояния отдельных вопросов радиоэлектроники
_v1967, вып. 18
700 1 _aСпильник
_bА.
701 1 _aТравников
_bЕ.
801 0 _aRU
_bNLR
_gpsbo
801 1 _aRU
_bELAR
_2rusmarc
852 _aNLR
_jП10/2487
942 _cISSUE
980 _aNB
980 _aRUSPER